Ekonomika přidružené výroby v zemědělských výrobních oblastech

Bibliographic Details
Main Author: Klíma, Jan (Author)
Format: Article
Language:Slovak
Czech
PhysicalDescription:Tb. 1.
Subjects:

MARC

LEADER 00000nab a2200000 a 4500
001 vtls000251018
003 SK-MaSNL
005 20260304064107.0
008 250422c1986 xo 0 slo
015 |a SNBRB19rr/mm-uuuuu 
035 |a CL0261132 
035 |a urn:nbn:sk:snk-ab2pr3 
035 |a (urnnbn)urn:nbn:sk:snk:ar-a02qmg 
035 |a (uuid)a14050fe-2da1-469f-9641-a4c5242193ea 
040 |a SNKBUCL  |b slo  |c SNKBUCL  |e AACR2 
041 0 |a cze 
044 |a xo  |c SK 
080 |a 631.115.6:338.432.5  |2 1981 
080 |a 338.432.5  |2 1981 
080 |a 631  |2 1981 
100 1 |a Klíma, Jan  |4 aut  |9 277245 
245 1 0 |a Ekonomika přidružené výroby v zemědělských výrobních oblastech  |c Jan Klíma 
300 |b Tb. 1. 
650 0 7 |a družstvá roľnícke  |2 snkbucl  |9 881518 
650 0 7 |a výroba pridružená  |2 snkbucl  |9 924346 
655 7 |a články z novín a časopisov  |2 snkbucl  |9 267496 
773 0 |t Ekonomika poľnohospodárstva  |g Roč. 25, č. 6 (1986), s. 257-258 
850 |a Slovenská národná knižnica 
852 |a Slovenská národná knižnica 
954 |a odborná, vedecká literatúra cudzojazyčná (svetová)  |2 lita 
957 |a 3700 
958 |a article27 
958 |a RK 
958 |a CZ 
958 |a OND 
958 |a EUIPO 
992 |a RBX 
999 |c 2745104  |d 2747034